000 00330nam a22001457a 4500
003 SGT
020 _a978-93-85915-52-9
082 _a611
_bAGR
100 _aAGRAWAL, ROHINI
245 _aANATOMY, PHYSIOLOGY AND HEALTH EDUCATION
260 _aINDIA
_bCBS PUB.
_c2021
300 _a645
650 _aANATOMY
942 _2ddc
_cBK
999 _c32423
_d32423